banner-ar

التفكير السياسى و النظرية السياسية و المجتمع المدنى / (Record no. 60052)

MARC details
000 -الفاتح
حقل البيانات ثابتة الطول 01104nam a22002657a 4500
005 - وقت وتاريخ اخر تعامل مع التسجيلة
رقم الضبط 20240530110350.0
008 - عناصر البيانات ثابتة الطول - معلومات عامة
حقل البيانات ثابتة الطول 141220s2008 ua g b 000 0 ara d
017 ## - رقم الايداع القانونى
رقم الايداع القانونى 24396/2007
المصدر ( الهيئة المختصة) مصر . دار الكتب المصرية
020 ## - الرقم الدولى المعيارى للكتب
الرقم الدولى المعيارى للكتاب 9772087154
040 ## - مصدر الفهرسة
وكالة الفهرسة الأصلية EG-CaGPL
041 0# - رمز اللغة
رمز لغة النص/ المسارات الصوتية أو العنوان الانفرادي ara
رمز لغة الترجمات و/او الاصلية المتوسطة للنص eng
082 04 - رقم تصنيف ديوى العشرى
رقم الطبعة 21
رقم التصنيف 320.5\
رقم المادة د ت
100 1# - المدخل الرئيسى - إسم شخصى
الإسم الشخصى ديلو ، ستيفن م
245 12 - بيان العنوان
العنوان التفكير السياسى و النظرية السياسية و المجتمع المدنى /
بيان المسئوليه,etc تاليف ستيفين م ديلو ؛ ترجمة فريال حسن خليفة
رقم الجزء/قسم العمل الجزء الثالث ،
اسم جزء/قسم العمل نقد المجتمع المدنى
250 ## - بيان الطبعة
بيان الطبعة ط 1
260 ## - PUBLICATION, DISTRIBUTION, ETC. (IMPRINT)
تاريخ النشر أو التوزيع 2008
300 ## - الوصف المادى
التعداد 171 ص ؛
أبعاد الوعاء 24 سم
650 04 - المدخل الاضافى بالموضوع-مصطلح موضوعى
مصطلح موضوعي المجتمع المدنى
650 04 - المدخل الاضافى بالموضوع-مصطلح موضوعى
مصطلح موضوعي الاغتراب
650 04 - المدخل الاضافى بالموضوع-مصطلح موضوعى
مصطلح موضوعي النقد الماركسى للمجتمع المدنى
650 04 - المدخل الاضافى بالموضوع-مصطلح موضوعى
مصطلح موضوعي نقد فريدريك نيتشة للمجتمع المدنى
700 0# - المدخل الاضافى - اسم شخصى
الإسم الشخصى فريال حسن خليفة
الدور مترجم
942 ## - عناصر المدخل الإضافي( كوها)
مصدر التصنيف او مخطط الترفيف Dewey Decimal Classification
Koha [default] item type كتاب
260 ## - PUBLICATION, DISTRIBUTION, ETC. (IMPRINT)
-- القاهرة :
-- مكتبة مدبولى ،
Holdings
حالة التراجع حالة الفقد حالة تلف ليس للاعارة المكان المؤقت الموقع الحالى تاريخ الاكتساب اجمالي اﻻعارات رقم الطلب الباركود تاريخ اخر مشاهدة تاريخ تفعيل السعر نوع وعاء كوها
        مكتبة القاهرة الكبرى مكتبة القاهرة الكبرى 12/20/2014   320.5\ د ت 159036 12/20/2014 12/20/2014 كتاب

Powered By

EGPV